| 000 | 00567nam a2200193Ia 4500 | ||
|---|---|---|---|
| 003 | GCL | ||
| 008 | 140319s9999 xx 000 0 ara d | ||
| 040 |
_aGCL / _cGCL |
||
| 082 | 0 | 4 |
_a923.2 _bد ك |
| 100 | 1 | _aحسن محمود (مترجم) | |
| 245 | 1 | 0 |
_aكليمنصو و حياته العاصفة / _cحسن محمود (مترجم) |
| 700 | 1 | _aدوديه، ليون | |
| 300 | _a264 ص | ||
| 490 | _a | ||
| 650 | 0 | 4 | _aالسياسيون - تراجم |
| 650 | 0 | 4 | _aالسياسيون الفرنسيون |
| 650 | 0 | 4 | _aجورج كليمنصو |
| 942 |
_2ddc _cBK |
||
| 999 |
_c41663 _d41663 |
||